[Event "EYCC 2024 - G18"]
[Site "?"]
[Date "2024.08.31"]
[Round "9.1"]
[White "Berezovsky, Fiorina"]
[Black "Sevcikova, Lucia"]
[Result "0-1"]
[BlackElo "2103"]
[WhiteElo "1976"]
[LiveChessVersion "1.4.8"]

1. d4 {[%clk 1:30:55]} d5 {[%clk 1:30:57]} 2. Bf4 {[%clk 1:31:14]} Nf6
{[%clk 1:31:11]} 3. Nc3 {[%clk 1:31:27]} a6 {[%clk 1:26:44]} 4. e3
{[%clk 1:31:21]} e6 {[%clk 1:25:12]} 5. g4 {[%clk 1:31:05]} c5 {[%clk 1:20:11]}
6. g5 {[%clk 1:22:14]} Nfd7 {[%clk 1:17:16]} 7. Qf3 {[%clk 1:21:01]} b5
{[%clk 1:04:23]} 8. Qg3 {[%clk 1:20:18]} Bb7 {[%clk 1:00:13]} 9. Bc7
{[%clk 1:14:41]} Qc8 {[%clk 0:56:22]} 10. Bg2 {[%clk 1:10:12]} b4
{[%clk 0:49:29]} 11. Nce2 {[%clk 1:06:52]} Bc6 {[%clk 0:40:35]} 12. c4
{[%clk 0:57:04]} dxc4 {[%clk 0:33:34]} 13. Nf3 {[%clk 0:50:33]} Ra7
{[%clk 0:28:49]} 14. Bf4 {[%clk 0:50:21]} Be7 {[%clk 0:27:55]} 15. h4
{[%clk 0:48:05]} Bb5 {[%clk 0:24:36]} 16. a4 {[%clk 0:40:32]} bxa3
{[%clk 0:22:57]} 17. bxa3 {[%clk 0:40:04]} c3 {[%clk 0:19:50]} 18. Nxc3
{[%clk 0:37:30]} Bd3 {[%clk 0:16:32]} 19. Bxb8 {[%clk 0:31:04]} cxd4
{[%clk 0:12:54]} 20. Nd1 {[%clk 0:29:34]} Nxb8 {[%clk 0:08:23]} 21. Ne5
{[%clk 0:27:51]} Bb5 {[%clk 0:07:37]} 22. exd4 {[%clk 0:27:20]} Qc2
{[%clk 0:04:34]} 23. Qe3 {[%clk 0:26:35]} Rc7 {[%clk 0:04:42]} 24. Be4
{[%clk 0:25:38]} Qa4 {[%clk 0:04:38]} 25. Nc3 {[%clk 0:25:00]} Bb4
{[%clk 0:03:02]} 26. Rc1 {[%clk 0:22:50]} Qxa3 {[%clk 0:03:28]} 27. Rh3
{[%clk 0:22:09]} O-O {[%clk 0:02:22]} 28. Kd1 {[%clk 0:17:18]} Rfc8
{[%clk 0:01:38]} 29. Qf4 {[%clk 0:14:56]} Ba4+ {[%clk 0:00:41]} 30. Bc2
{[%clk 0:14:41]} Rxc3 {[%clk 0:00:37]} 31. Rxc3 {[%clk 0:14:11]} Rxc3
{[%clk 0:00:36]} 32. Qxf7+ {[%clk 0:14:21]} Kh8 {[%clk 0:01:05]} 33. Qb7
{[%clk 0:07:32]} Rd3+ {[%clk 0:00:48]} 34. Ke2 {[%clk 0:07:49]} Rd2+
{[%clk 0:01:15]} 35. Kf1 {[%clk 0:08:07]} Qxc1+ {[%clk 0:01:41]} 36. Kg2
{[%clk 0:08:27]} Rxc2 {[%clk 0:00:39]} 37. Qxb8+ {[%clk 0:07:46]} Rc8
{[%clk 0:01:05]} 38. Qxb4 {[%clk 0:08:11]} Bc6+ {[%clk 0:01:14]} 39. f3
{[%clk 0:07:09]} Bd5 {[%clk 0:00:43]} 40. g6 {[%clk 0:06:09]} Rc2+
{[%clk 0:00:35]} 41. Kg3 {[%clk 0:06:27]} Qg1+ {[%clk 0:00:46]} 42. Kf4
{[%clk 0:06:38]} Qh2+ {[%clk 0:00:56]} 43. Kg4 {[%clk 0:06:56]} Rg2+
{[%clk 0:00:49]} 44. Kh5 {[%clk 0:07:25]} Bxf3+ {[%clk 0:01:06]} 0-1

[Event "EYCC 2024 - G18"]
[Site "?"]
[Date "2024.08.31"]
[Round "9.2"]
[White "Deladerriere, Calypso"]
[Black "Diasamidze, Lulu"]
[Result "1-0"]
[BlackElo "1905"]
[WhiteElo "2044"]
[LiveChessVersion "1.4.8"]

1. e4 {[%clk 1:30:55]} c5 {[%clk 1:30:58]} 2. Nf3 {[%clk 1:31:09]} e6
{[%clk 1:31:24]} 3. d4 {[%clk 1:31:24]} cxd4 {[%clk 1:31:50]} 4. Qxd4
{[%clk 1:31:36]} Nc6 {[%clk 1:31:02]} 5. Qe3 {[%clk 1:31:47]} d5 {[%clk 1:24:56]}
6. exd5 {[%clk 1:31:18]} Qxd5 {[%clk 1:25:16]} 7. Nc3 {[%clk 1:31:14]} Qd8
{[%clk 1:03:31]} 8. Bd3 {[%clk 1:25:50]} Bb4 {[%clk 1:02:30]} 9. Bd2
{[%clk 1:25:38]} Nf6 {[%clk 1:02:27]} 10. O-O {[%clk 1:25:11]} O-O
{[%clk 1:02:45]} 11. Rad1 {[%clk 1:23:45]} Qe7 {[%clk 1:00:09]} 12. Rfe1 Rd8
{[%clk 0:49:25]} 13. Qg5 {[%clk 1:17:09]} h6 {[%clk 0:46:28]} 14. Qh4
{[%clk 1:11:59]} Nh7 {[%clk 0:41:03]} 15. Qh3 {[%clk 1:06:34]} f6
{[%clk 0:29:31]} 16. Bc4 {[%clk 0:53:44]} Nf8 {[%clk 0:27:11]} 17. Re4
{[%clk 0:47:09]} f5 {[%clk 0:26:43]} 18. Qxf5 {[%clk 0:46:31]} Na5
{[%clk 0:23:35]} 19. Qb5 {[%clk 0:31:35]} Bd7 {[%clk 0:23:32]} 20. Bxe6+
{[%clk 0:29:27]} Bxe6 {[%clk 0:20:33]} 21. Rxb4 {[%clk 0:28:49]} b6
{[%clk 0:20:15]} 22. Re1 {[%clk 0:28:25]} Qc7 {[%clk 0:18:50]} 23. Rbe4
{[%clk 0:27:19]} Nc4 {[%clk 0:18:35]} 24. Bf4 {[%clk 0:25:50]} Qf7
{[%clk 0:17:45]} 25. Ne5 {[%clk 0:24:18]} Nxe5 {[%clk 0:16:22]} 26. Qxe5
{[%clk 0:24:40]} Bf5 {[%clk 0:15:38]} 27. R4e2 {[%clk 0:21:55]} Bg4
{[%clk 0:15:32]} 28. f3 {[%clk 0:19:55]} Ng6 {[%clk 0:14:36]} 29. Qc7
{[%clk 0:19:54]} Qxf4 {[%clk 0:14:14]} 30. Qxf4 {[%clk 0:18:53]} Nxf4
{[%clk 0:14:42]} 31. Re4 {[%clk 0:19:12]} Nh3+ {[%clk 0:14:09]} 32. gxh3
{[%clk 0:18:21]} Bxf3 {[%clk 0:14:32]} 33. Rf4 {[%clk 0:18:16]} Bc6
{[%clk 0:11:59]} 34. Re6 {[%clk 0:17:38]} Rac8 {[%clk 0:11:39]} 35. h4
{[%clk 0:14:29]} Rd2 {[%clk 0:10:57]} 36. Rf2 {[%clk 0:09:18]} Rd4
{[%clk 0:10:39]} 37. h5 {[%clk 0:08:43]} Bd7 {[%clk 0:09:50]} 38. Re7
{[%clk 0:07:33]} Re8 {[%clk 0:10:02]} 39. Rff7 {[%clk 0:06:45]} Rxe7
{[%clk 0:10:25]} 40. Rxe7 {[%clk 0:07:12]} Kf8 {[%clk 0:10:46]} 41. Re5
{[%clk 0:07:36]} Rd2 {[%clk 0:09:47]} 42. Rd5 {[%clk 0:06:16]} Rxd5
{[%clk 0:10:13]} 43. Nxd5 {[%clk 0:06:43]} Be6 {[%clk 0:10:30]} 44. Nf4
{[%clk 0:05:58]} Bxa2 {[%clk 0:10:40]} 45. b3 {[%clk 0:06:19]} Bb1
{[%clk 0:11:03]} 46. Ne6+ {[%clk 0:06:41]} Ke7 {[%clk 0:11:22]} 47. Nd4
{[%clk 0:07:00]} a5 {[%clk 0:11:18]} 48. Kf2 {[%clk 0:07:02]} b5 {[%clk 0:11:30]}
49. Ke3 {[%clk 0:04:12]} a4 {[%clk 0:11:25]} 50. Kd2 {[%clk 0:03:26]} axb3
{[%clk 0:11:03]} 51. cxb3 {[%clk 0:03:43]} Be4 {[%clk 0:10:32]} 52. Nxb5
{[%clk 0:03:36]} Bf3 {[%clk 0:10:52]} 53. Ke3 {[%clk 0:03:31]} Bxh5
{[%clk 0:11:13]} 54. Nd4 {[%clk 0:03:25]} Be8 {[%clk 0:11:24]} 55. Ke4
{[%clk 0:02:59]} Bg6+ {[%clk 0:10:43]} 56. Ke5 {[%clk 0:03:13]} Bd3
{[%clk 0:10:30]} 57. b4 {[%clk 0:03:11]} h5 {[%clk 0:09:26]} 58. Ne6
{[%clk 0:02:58]} g6 {[%clk 0:09:14]} 59. h4 {[%clk 0:02:43]} Bf5 {[%clk 0:08:40]}
60. Nf4 {[%clk 0:03:01]} Kd7 {[%clk 0:07:25]} 61. Kf6 {[%clk 0:02:44]} Kc6
{[%clk 0:07:34]} 62. Nxg6 {[%clk 0:03:05]} Be4 {[%clk 0:06:53]} 63. Kg5
{[%clk 0:02:32]} Kb5 {[%clk 0:06:55]} 64. Kxh5 {[%clk 0:02:44]} Kxb4
{[%clk 0:07:11]} 65. Kg5 {[%clk 0:03:02]} Bf3 {[%clk 0:06:49]} 66. Ne5
{[%clk 0:03:23]} Be2 {[%clk 0:06:48]} 67. Ng4 {[%clk 0:03:04]} Kc5
{[%clk 0:07:04]} 68. h5 {[%clk 0:03:26]} Kd6 {[%clk 0:07:21]} 69. h6
{[%clk 0:03:27]} Bd3 {[%clk 0:07:44]} 70. Kf6 {[%clk 0:03:34]} Bh7
{[%clk 0:06:05]} 71. Ne5 {[%clk 0:03:46]} Kd5 {[%clk 0:03:21]} 72. Kg7
{[%clk 0:02:01]} Bf5 {[%clk 0:03:06]} 73. Ng6 {[%clk 0:02:19]} 1-0

[Event "EYCC 2024 - G18"]
[Site "?"]
[Date "2024.08.31"]
[Round "9.3"]
[White "Muradyan, Anahit"]
[Black "Deak-Sala, Emilia"]
[Result "1-0"]
[BlackElo "2037"]
[WhiteElo "1753"]
[LiveChessVersion "1.4.8"]

1. e4 {[%clk 1:30:59]} c5 {[%clk 1:29:06]} 2. Nc3 {[%clk 1:31:23]} Nc6
{[%clk 1:29:33]} 3. Bb5 {[%clk 1:31:49]} Nd4 {[%clk 1:29:59]} 4. Bc4
{[%clk 1:32:15]} g6 {[%clk 1:30:25]} 5. Nf3 {[%clk 1:32:41]} Bg7 {[%clk 1:30:51]}
6. Nxd4 {[%clk 1:33:07]} cxd4 {[%clk 1:31:07]} 7. Qf3 {[%clk 1:33:31]} f5
{[%clk 1:31:35]} 8. Ne2 {[%clk 1:31:41]} Nh6 {[%clk 1:29:36]} 9. d3
{[%clk 1:29:26]} e6 {[%clk 1:29:42]} 10. Bxh6 {[%clk 1:18:24]} Bxh6
{[%clk 1:30:06]} 11. Nxd4 {[%clk 1:18:52]} O-O {[%clk 1:29:18]} 12. O-O
{[%clk 1:15:56]} fxe4 {[%clk 1:23:18]} 13. Qe2 {[%clk 1:04:02]} exd3
{[%clk 1:04:09]} 14. Bxd3 {[%clk 1:02:25]} Qf6 {[%clk 0:57:04]} 15. c3
{[%clk 1:01:21]} b6 {[%clk 0:42:58]} 16. Be4 {[%clk 0:54:55]} Rb8
{[%clk 0:37:30]} 17. Rad1 {[%clk 0:53:21]} Kh8 {[%clk 0:37:14]} 18. Rfe1
{[%clk 0:50:28]} a6 {[%clk 0:31:01]} 19. Rd3 {[%clk 0:44:18]} d5 {[%clk 0:19:21]}
20. Rf3 {[%clk 0:44:22]} Bf4 {[%clk 0:19:36]} 21. g3 {[%clk 0:38:01]} Qg5
{[%clk 0:14:55]} 22. Nc6 {[%clk 0:34:50]} dxe4 {[%clk 0:12:50]} 23. Rxf4
{[%clk 0:35:12]} Rxf4 {[%clk 0:12:05]} 24. Nxb8 {[%clk 0:35:37]} Bb7
{[%clk 0:11:04]} 25. Qe3 {[%clk 0:35:21]} Rf5 {[%clk 0:11:05]} 26. Nd7
{[%clk 0:33:08]} Qxe3 {[%clk 0:07:38]} 27. Rxe3 {[%clk 0:33:13]} Kg7
{[%clk 0:01:36]} 28. Nxb6 {[%clk 0:32:53]} Rb5 {[%clk 0:01:47]} 29. Nc4
{[%clk 0:32:44]} Bd5 {[%clk 0:02:09]} 30. b3 {[%clk 0:32:27]} Bxc4
{[%clk 0:01:03]} 31. bxc4 {[%clk 0:32:54]} Ra5 {[%clk 0:01:26]} 32. Rxe4
{[%clk 0:32:57]} Kf6 {[%clk 0:01:51]} 33. c5 {[%clk 0:31:01]} Rxc5
{[%clk 0:01:57]} 34. Ra4 {[%clk 0:31:29]} a5 {[%clk 0:00:51]} 35. Kf1
{[%clk 0:31:40]} Ke5 {[%clk 0:00:41]} 36. Ke2 {[%clk 0:31:56]} Rxc3
{[%clk 0:00:39]} 37. Rxa5+ {[%clk 0:32:21]} Kf6 {[%clk 0:01:05]} 38. a4
{[%clk 0:32:41]} Rc2+ {[%clk 0:01:30]} 39. Ke3 {[%clk 0:32:28]} Ra2
{[%clk 0:00:53]} 40. Ra8 {[%clk 0:32:27]} Ke5 {[%clk 0:00:36]} 41. Kf3
{[%clk 0:29:49]} Ra3+ {[%clk 0:00:52]} 42. Kg2 {[%clk 0:29:14]} Ra1
{[%clk 0:01:05]} 43. a5 {[%clk 0:29:40]} h5 {[%clk 0:00:50]} 44. h4
{[%clk 0:29:26]} Ra3 {[%clk 0:00:54]} 45. a6 {[%clk 0:29:22]} Kf6
{[%clk 0:01:12]} 46. a7 {[%clk 0:28:56]} Kg7 {[%clk 0:01:36]} 47. f4
{[%clk 0:29:08]} Kh7 {[%clk 0:01:58]} 48. Kf2 {[%clk 0:29:34]} Kg7
{[%clk 0:02:24]} 49. Ke2 {[%clk 0:30:00]} Kh7 {[%clk 0:02:48]} 50. Kd2
{[%clk 0:30:25]} Kg7 {[%clk 0:03:14]} 51. Kc2 {[%clk 0:30:51]} Ra1
{[%clk 0:03:22]} 52. Kb3 {[%clk 0:30:54]} Ra6 {[%clk 0:03:42]} 53. Kb4
{[%clk 0:31:15]} Ra1 {[%clk 0:04:10]} 54. Kb5 {[%clk 0:31:23]} Ra2
{[%clk 0:04:34]} 55. Kb6 {[%clk 0:31:33]} Rb2+ {[%clk 0:05:00]} 56. Kc6
{[%clk 0:31:58]} Ra2 {[%clk 0:05:26]} 57. Kd6 {[%clk 0:32:16]} Ra6+
{[%clk 0:05:53]} 58. Ke7 {[%clk 0:32:17]} Ra3 {[%clk 0:04:01]} 59. Kxe6
{[%clk 0:32:42]} Ra6+ {[%clk 0:04:29]} 60. Ke7 {[%clk 0:33:02]} Ra4
{[%clk 0:04:53]} 61. Kd6 {[%clk 0:23:19]} Ra2 {[%clk 0:05:15]} 62. Re8
{[%clk 0:23:17]} Ra6+ {[%clk 0:05:38]} 63. Kd5 {[%clk 0:22:17]} Rxa7
{[%clk 0:05:58]} 64. Re3 {[%clk 0:21:56]} Ra5+ {[%clk 0:06:23]} 65. Ke4
{[%clk 0:22:21]} Ra4+ {[%clk 0:06:47]} 66. Kf3 {[%clk 0:22:47]} Ra7
{[%clk 0:07:15]} 67. g4 {[%clk 0:23:01]} hxg4+ {[%clk 0:07:41]} 68. Kxg4
{[%clk 0:23:28]} Rb7 {[%clk 0:08:06]} 69. Kg5 {[%clk 0:23:20]} Ra7
{[%clk 0:08:19]} 70. Re6 {[%clk 0:22:10]} Ra5+ {[%clk 0:08:43]} 71. Re5
{[%clk 0:22:37]} Ra7 {[%clk 0:09:11]} 72. Re6 {[%clk 0:22:20]} Ra5+
{[%clk 0:09:36]} 73. Kg4 {[%clk 0:22:46]} Ra7 {[%clk 0:10:03]} 74. h5
{[%clk 0:23:10]} gxh5+ {[%clk 0:10:28]} 75. Kxh5 {[%clk 0:23:38]} Ra5+
{[%clk 0:10:43]} 76. Kg4 {[%clk 0:24:02]} Kf7 {[%clk 0:11:08]} 77. Rb6
{[%clk 0:24:24]} Rc5 {[%clk 0:11:15]} 78. f5 {[%clk 0:23:59]} Rc4+
{[%clk 0:11:35]} 79. Kg5 {[%clk 0:24:24]} Rc1 {[%clk 0:11:14]} 80. Rb7+
{[%clk 0:24:50]} Kf8 {[%clk 0:11:40]} 81. Kg6 {[%clk 0:25:13]} Rg1+
{[%clk 0:11:10]} 82. Kf6 {[%clk 0:25:38]} Kg8 {[%clk 0:11:38]} 83. Rb8+
{[%clk 0:25:31]} Kh7 {[%clk 0:12:04]} 84. Kf7 {[%clk 0:25:27]} Rf1
{[%clk 0:10:37]} 85. f6 {[%clk 0:25:53]} Ra1 {[%clk 0:10:59]} 86. Kf8
{[%clk 0:25:51]} Ra2 {[%clk 0:09:11]} 87. Re8 {[%clk 0:23:24]} Kg6
{[%clk 0:08:24]} 88. f7 {[%clk 0:23:51]} Kh7 {[%clk 0:08:51]} 89. Ke7
{[%clk 0:23:14]} Re2+ {[%clk 0:08:17]} 90. Kd6 {[%clk 0:23:34]} 1-0

[Event "EYCC 2024 - G18"]
[Site "?"]
[Date "2024.08.31"]
[Round "9.4"]
[White "Bondar, Daria"]
[Black "Buchholz, Maja Patricia"]
[Result "0-1"]
[BlackElo "1988"]
[WhiteElo "1962"]
[LiveChessVersion "1.4.8"]

1. e4 {[%clk 1:30:59]} e6 {[%clk 1:30:52]} 2. d4 {[%clk 1:31:24]} d5
{[%clk 1:31:17]} 3. e5 {[%clk 1:31:50]} c5 {[%clk 1:31:42]} 4. c3
{[%clk 1:32:16]} Nc6 {[%clk 1:32:07]} 5. Nf3 {[%clk 1:32:39]} Bd7
{[%clk 1:32:29]} 6. a3 {[%clk 1:32:59]} c4 {[%clk 1:32:50]} 7. g3
{[%clk 1:32:46]} Nge7 {[%clk 1:31:13]} 8. Nbd2 {[%clk 1:32:37]} Na5
{[%clk 1:31:02]} 9. Bh3 {[%clk 1:31:08]} Qc7 {[%clk 1:31:03]} 10. O-O
{[%clk 1:30:30]} O-O-O {[%clk 1:31:06]} 11. Rb1 {[%clk 1:13:19]} h6
{[%clk 1:30:43]} 12. Ne1 {[%clk 1:13:37]} Kb8 {[%clk 1:29:16]} 13. Ng2
{[%clk 1:13:38]} Nc8 {[%clk 1:28:41]} 14. f4 {[%clk 1:13:42]} Nb6
{[%clk 1:28:16]} 15. Ne3 {[%clk 1:10:59]} Be7 {[%clk 1:17:28]} 16. Qf3
{[%clk 1:02:47]} f5 {[%clk 1:06:54]} 17. exf6 {[%clk 1:00:52]} gxf6
{[%clk 1:06:58]} 18. Re1 {[%clk 0:48:46]} e5 {[%clk 1:01:07]} 19. Nf5
{[%clk 0:42:00]} e4 {[%clk 0:59:08]} 20. Qh5 {[%clk 0:40:29]} Bf8
{[%clk 0:52:45]} 21. Nf1 {[%clk 0:39:02]} Be8 {[%clk 0:50:43]} 22. Qh4
{[%clk 0:38:19]} Qf7 {[%clk 0:49:43]} 23. Be3 {[%clk 0:36:26]} Ba4
{[%clk 0:48:06]} 24. Re2 {[%clk 0:36:02]} Nc6 {[%clk 0:38:52]} 25. Kh1
{[%clk 0:28:45]} Ne7 {[%clk 0:37:06]} 26. Nxe7 {[%clk 0:25:45]} Bxe7
{[%clk 0:37:20]} 27. f5 {[%clk 0:26:10]} a6 {[%clk 0:35:27]} 28. Bf4+
{[%clk 0:25:40]} Ka7 {[%clk 0:33:47]} 29. Ne3 {[%clk 0:25:53]} h5
{[%clk 0:30:10]} 30. Rf2 {[%clk 0:23:25]} Rdg8 {[%clk 0:29:42]} 31. Rg1
{[%clk 0:12:47]} Nd7 {[%clk 0:23:58]} 32. Bf1 {[%clk 0:12:36]} Nb6
{[%clk 0:22:37]} 33. Be2 {[%clk 0:12:19]} Nc8 {[%clk 0:19:39]} 34. Bd1
{[%clk 0:12:17]} Bc6 {[%clk 0:18:59]} 35. a4 {[%clk 0:10:40]} b5 {[%clk 0:15:22]}
36. b4 {[%clk 0:06:30]} bxa4 {[%clk 0:11:27]} 37. Ra2 {[%clk 0:06:42]} Nb6
{[%clk 0:11:31]} 38. Bc7 {[%clk 0:05:35]} Bf8 {[%clk 0:07:05]} 39. Bxb6+
{[%clk 0:05:49]} Kxb6 {[%clk 0:07:34]} 40. Bxa4 {[%clk 0:05:54]} Bxa4
{[%clk 0:07:13]} 41. Rxa4 {[%clk 0:06:23]} Bh6 {[%clk 0:07:22]} 42. Rga1
{[%clk 0:06:07]} Ra8 {[%clk 0:07:28]} 43. Ng2 {[%clk 0:06:22]} Bg5
{[%clk 0:06:31]} 44. Qh3 {[%clk 0:06:31]} Bd2 {[%clk 0:06:14]} 45. R4a3
{[%clk 0:04:25]} Qe7 {[%clk 0:04:51]} 46. Ne1 {[%clk 0:02:30]} e3
{[%clk 0:03:27]} 47. Qg2 {[%clk 0:02:25]} Qe4 {[%clk 0:03:12]} 48. Qf3
{[%clk 0:00:51]} h4 {[%clk 0:03:17]} 49. Kg2 {[%clk 0:00:34]} hxg3
{[%clk 0:02:07]} 50. hxg3 {[%clk 0:01:00]} Rh5 {[%clk 0:01:58]} 51. g4
{[%clk 0:00:44]} Rh4 {[%clk 0:02:11]} 52. Kg3 {[%clk 0:00:42]} Rh1
{[%clk 0:02:17]} 53. Qxe4 {[%clk 0:00:35]} dxe4 {[%clk 0:02:45]} 54. Nc2
{[%clk 0:00:33]} Rxa1 {[%clk 0:02:33]} 55. Rxa1 {[%clk 0:01:03]} Rh8
{[%clk 0:01:49]} 56. Kf4 {[%clk 0:00:51]} e2+ {[%clk 0:01:25]} 57. Kxe4
{[%clk 0:00:53]} e1=Q+ {[%clk 0:01:13]} 58. Nxe1 {[%clk 0:01:13]} Bxe1
{[%clk 0:01:29]} 59. Kd5 {[%clk 0:00:53]} Bxc3 {[%clk 0:01:52]} 60. Rc1
{[%clk 0:01:03]} Bxb4 {[%clk 0:01:54]} 61. Rxc4 {[%clk 0:01:29]} Rd8+
{[%clk 0:01:47]} 62. Ke6 {[%clk 0:01:35]} Rd6+ {[%clk 0:02:16]} 63. Kf7
{[%clk 0:01:56]} Kb5 {[%clk 0:02:40]} 64. Rc7 {[%clk 0:02:17]} a5
{[%clk 0:02:35]} 65. Rc8 {[%clk 0:00:40]} a4 {[%clk 0:02:54]} 66. d5
{[%clk 0:01:05]} a3 {[%clk 0:03:06]} 67. g5 {[%clk 0:01:05]} fxg5
{[%clk 0:03:11]} 68. f6 {[%clk 0:01:32]} a2 {[%clk 0:02:43]} 69. Rc1
{[%clk 0:01:58]} Bc3 {[%clk 0:01:31]} 70. Ke7 {[%clk 0:02:20]} Rxf6
{[%clk 0:01:24]} 71. d6 {[%clk 0:02:44]} Rf2 {[%clk 0:01:13]} 72. d7
{[%clk 0:02:34]} a1=Q {[%clk 0:01:36]} 73. Rxa1 {[%clk 0:02:58]} Bxa1
{[%clk 0:02:05]} 74. d8=Q {[%clk 0:03:21]} Bf6+ {[%clk 0:02:29]} 0-1

[Event "EYCC 2024 - G18"]
[Site "?"]
[Date "2024.08.31"]
[Round "9.5"]
[White "Hoanca, Alexia-Ioana"]
[Black "Reding, Sevda"]
[Result "1-0"]
[BlackElo "1728"]
[WhiteElo "1966"]
[LiveChessVersion "1.4.8"]

1. e4 {[%clk 1:30:58]} c5 {[%clk 1:30:54]} 2. Nf3 {[%clk 1:31:14]} e6
{[%clk 1:31:19]} 3. b3 {[%clk 1:31:40]} b6 {[%clk 1:31:19]} 4. Bd3
{[%clk 1:31:09]} Bb7 {[%clk 1:31:19]} 5. O-O {[%clk 1:31:26]} Be7
{[%clk 1:30:45]} 6. Bb2 {[%clk 1:30:21]} Nf6 {[%clk 1:30:35]} 7. e5
{[%clk 1:28:16]} Nd5 {[%clk 1:30:25]} 8. Be4 {[%clk 1:28:08]} Ne3
{[%clk 1:23:52]} 9. fxe3 {[%clk 1:27:21]} Bxe4 {[%clk 1:24:15]} 10. d3
{[%clk 1:26:32]} Bb7 {[%clk 1:23:13]} 11. d4 {[%clk 1:24:06]} O-O
{[%clk 1:22:28]} 12. c4 {[%clk 1:22:54]} d5 {[%clk 1:18:16]} 13. exd6
{[%clk 1:19:07]} Qxd6 {[%clk 1:13:39]} 14. Nc3 {[%clk 1:16:03]} cxd4
{[%clk 1:04:33]} 15. exd4 {[%clk 1:11:28]} Nd7 {[%clk 1:02:41]} 16. Nb5
{[%clk 1:01:59]} Qf4 {[%clk 0:58:49]} 17. Qe2 {[%clk 0:57:18]} Qg4
{[%clk 0:57:21]} 18. Rad1 {[%clk 0:49:34]} a6 {[%clk 0:55:26]} 19. Na3
{[%clk 0:43:34]} Bf6 {[%clk 0:50:11]} 20. Nc2 {[%clk 0:43:27]} e5
{[%clk 0:46:30]} 21. dxe5 {[%clk 0:38:50]} Nxe5 {[%clk 0:40:52]} 22. Bxe5
{[%clk 0:35:34]} Rae8 {[%clk 0:40:41]} 23. Ne3 {[%clk 0:33:47]} Rxe5
{[%clk 0:34:40]} 24. Qf2 {[%clk 0:28:17]} Qh5 {[%clk 0:22:31]} 25. Nxe5
{[%clk 0:26:42]} Bxe5 {[%clk 0:22:52]} 26. h3 {[%clk 0:25:21]} Qg6
{[%clk 0:20:19]} 27. Nf5 {[%clk 0:23:20]} Kh8 {[%clk 0:19:02]} 28. Ne7
{[%clk 0:12:51]} Qg5 {[%clk 0:15:33]} 29. Nd5 {[%clk 0:12:56]} Bd6
{[%clk 0:14:58]} 30. b4 {[%clk 0:10:54]} h6 {[%clk 0:12:55]} 31. a3
{[%clk 0:09:26]} Qe5 {[%clk 0:12:33]} 32. Qf4 {[%clk 0:06:27]} Qe6
{[%clk 0:12:40]} 33. Qf3 {[%clk 0:04:51]} Qe5 {[%clk 0:12:08]} 34. Rfe1
{[%clk 0:03:54]} Qh2+ {[%clk 0:07:25]} 35. Kf2 {[%clk 0:04:12]} a5
{[%clk 0:07:24]} 36. Rb1 {[%clk 0:02:07]} Rc8 {[%clk 0:06:39]} 37. Rec1
{[%clk 0:01:05]} Be7 {[%clk 0:04:56]} 38. Qg3 {[%clk 0:00:53]} Qxg3+
{[%clk 0:04:22]} 39. Kxg3 Bd6+ {[%clk 0:04:33]} 40. Kf2 {[%clk 0:01:20]} axb4
{[%clk 0:02:49]} 41. axb4 {[%clk 0:01:38]} Rc6 {[%clk 0:02:10]} 42. Nxb6
{[%clk 0:01:13]} Bf4 {[%clk 0:01:53]} 43. Nd5 {[%clk 0:00:50]} Bxc1
{[%clk 0:02:02]} 44. Rxc1 {[%clk 0:01:17]} Rc8 {[%clk 0:01:55]} 45. Ne3
{[%clk 0:01:11]} Kg8 {[%clk 0:02:06]} 46. b5 {[%clk 0:01:26]} Rc5
{[%clk 0:02:04]} 47. Ke2 {[%clk 0:01:13]} Be4 {[%clk 0:02:05]} 48. Kd2
{[%clk 0:01:14]} f5 {[%clk 0:01:48]} 49. Kc3 {[%clk 0:01:08]} Kf7
{[%clk 0:02:00]} 50. Kb4 {[%clk 0:00:41]} Rc8 {[%clk 0:02:17]} 51. Rf1
{[%clk 0:00:39]} Ke6 {[%clk 0:02:25]} 52. c5 {[%clk 0:00:43]} g5 {[%clk 0:02:21]}
53. Rf2 {[%clk 0:00:39]} f4 {[%clk 0:01:29]} 54. Nc4 {[%clk 0:00:51]} Rb8
{[%clk 0:01:36]} 55. Re2 {[%clk 0:00:58]} Kd5 {[%clk 0:01:41]} 56. c6
{[%clk 0:00:41]} Kd4 {[%clk 0:01:27]} 57. c7 {[%clk 0:00:51]} Rc8
{[%clk 0:01:43]} 58. Rxe4+ {[%clk 0:01:14]} 1-0

[Event "EYCC 2024 - G18"]
[Site "?"]
[Date "2024.08.31"]
[Round "9.6"]
[White "Lindstad, Livia"]
[Black "Kapolkova, Greta"]
[Result "1-0"]
[BlackElo "1889"]
[WhiteElo "1886"]
[LiveChessVersion "1.4.8"]

1. e4 {[%clk 1:30:55]} e5 {[%clk 1:30:56]} 2. Nf3 {[%clk 1:30:39]} Nc6
{[%clk 1:31:21]} 3. Bc4 {[%clk 1:30:36]} Bc5 {[%clk 1:31:19]} 4. c3
{[%clk 1:29:08]} Nf6 {[%clk 1:31:43]} 5. d3 {[%clk 1:29:27]} d6 {[%clk 1:32:07]}
6. h3 {[%clk 1:28:08]} h6 {[%clk 1:32:07]} 7. Nbd2 {[%clk 1:23:09]} a6
{[%clk 1:32:15]} 8. Bb3 {[%clk 1:23:17]} Qe7 {[%clk 1:28:13]} 9. Qe2
{[%clk 1:21:32]} Bd7 {[%clk 1:14:47]} 10. Nf1 {[%clk 1:19:16]} Be6
{[%clk 1:06:02]} 11. Ng3 {[%clk 1:14:46]} d5 {[%clk 0:54:49]} 12. O-O
{[%clk 1:04:48]} dxe4 {[%clk 0:54:32]} 13. dxe4 {[%clk 1:04:54]} O-O
{[%clk 0:54:18]} 14. Bxe6 {[%clk 0:58:47]} Qxe6 {[%clk 0:53:02]} 15. Nf5
{[%clk 0:57:28]} Ne7 {[%clk 0:51:03]} 16. N3h4 {[%clk 0:56:26]} Ng6
{[%clk 0:46:07]} 17. Kh2 {[%clk 0:47:02]} Kh7 {[%clk 0:43:43]} 18. g4
{[%clk 0:41:26]} Rad8 {[%clk 0:30:50]} 19. Nxg6 {[%clk 0:31:14]} fxg6
{[%clk 0:30:50]} 20. Ng3 {[%clk 0:31:39]} g5 {[%clk 0:29:52]} 21. b4
{[%clk 0:30:04]} Bb6 {[%clk 0:28:44]} 22. a4 {[%clk 0:25:54]} Ng8
{[%clk 0:24:14]} 23. Be3 {[%clk 0:23:22]} Bxe3 {[%clk 0:24:15]} 24. Qxe3
{[%clk 0:23:45]} Ne7 {[%clk 0:23:50]} 25. Nf5 {[%clk 0:21:05]} Ng6
{[%clk 0:23:26]} 26. Qc5 {[%clk 0:19:16]} Rf7 {[%clk 0:21:49]} 27. Rad1
{[%clk 0:16:11]} Rfd7 {[%clk 0:18:38]} 28. Rxd7 {[%clk 0:14:38]} Rxd7
{[%clk 0:19:03]} 29. a5 {[%clk 0:14:36]} Nf4 {[%clk 0:16:32]} 30. b5
{[%clk 0:12:33]} b6 {[%clk 0:12:43]} 31. axb6 {[%clk 0:11:38]} cxb6
{[%clk 0:12:59]} 32. Qc8 {[%clk 0:11:51]} Qf7 {[%clk 0:02:50]} 33. bxa6
{[%clk 0:10:44]} Rc7 {[%clk 0:03:04]} 34. Qb8 {[%clk 0:08:53]} Qc4
{[%clk 0:03:16]} 35. Ne3 {[%clk 0:09:09]} Qxe4 {[%clk 0:00:54]} 36. Qxc7
{[%clk 0:07:26]} Qf3 {[%clk 0:01:17]} 37. Qc4 {[%clk 0:07:35]} Qxh3+
{[%clk 0:01:17]} 38. Kg1 {[%clk 0:08:03]} Qf3 {[%clk 0:01:35]} 39. a7
{[%clk 0:05:16]} Ne2+ {[%clk 0:01:25]} 40. Qxe2 {[%clk 0:05:28]} 1-0